Guess the Gracie Abrams song with no hints #2 - Statistics

General Stats
  • This quiz has been taken 1,156 times
  • The average score is 158 of 294
Answer Stats
Lyrics % Correct
I
99%
you
95%
You
95%
a
92%
A
92%
the
84%
to
78%
is
77%
do
75%
me
74%
When
73%
your
71%
and
69%
be
69%
I'm
67%
what
67%
What
67%
This
66%
are
65%
in
64%
In
64%
my
64%
That
62%
for
61%
of
59%
all
58%
All
58%
on
58%
Where
58%
Now,
57%
now
57%
She
55%
think
55%
her
54%
know
54%
about
52%
Like
52%
don't
51%
ever
51%
am
48%
drugs
48%
feel
47%
how
47%
can't
45%
if
45%
Just
44%
just
44%
get
42%
by
41%
Look,
41%
Look
41%
got
40%
I've
40%
off
40%
friend
39%
here
39%
life
38%
night
38%
alone
37%
still
37%
used
35%
again
34%
hate
34%
lost
34%
sit
34%
middle
33%
old
33%
without
33%
house
32%
supposed
32%
Though
32%
Turn
32%
emotional
31%
lights
31%
around
30%
room
30%
sleepin'
30%
things
30%
tried,
30%
away
29%
gotten
29%
mind
29%
pretend
29%
work
29%
end,
28%
inside
28%
lifeline
28%
ask
27%
dreams
27%
Haven't
27%
leave
27%
left
27%
seen
27%
bedroom
26%
comedown
26%
days
26%
after
25%
almost
25%
called
25%
counted
25%
Since
25%
times
25%
walked
25%
change
24%
might
24%
appears
23%
blue
23%
caught
23%
Chasin'
23%
distractions,
23%
fever
23%
Hopefully,
23%
lifetime
23%
phone
23%
waitin'
23%
everything
22%
hundred
22%
burying
21%
high
21%
kind
20%
Works
20%
painted
18%
cold
17%
indigo
16%
turns
15%
kinda
14%
No matching quizzes found
Score Distribution
Percent of People with Each Score
Percentile by Number Answered
Your Score History
You have not taken this quiz